Informe sobre desarrollo humano 2010 : la verdadera riqueza de las naciones: camino al desarrollo humano
| Format: | Section = Libro |
|---|---|
| Language: | Undetermined Spanish |
| Published: |
Madrid, España
PNUD
2010
|
| Subjects: |
| LEADER | 00721nam a2200217Ia 4500 | ||
|---|---|---|---|
| 008 | 240829s9999 xx 000 0 und d | ||
| 020 | |a 978-84-8476-403-8 | ||
| 040 | |a BIBLIOTECA-RUPAP Ref 303.44 P964 | ||
| 041 | |a spa | ||
| 082 | |a Ref 303.44 P964 | ||
| 245 | 1 | 0 | |a Informe sobre desarrollo humano 2010 : la verdadera riqueza de las naciones: camino al desarrollo humano |
| 260 | |a Madrid, España |b PNUD |c 2010 | ||
| 300 | |a 245 p. :il. | ||
| 650 | 7 | |a POLITICA ECONOMICA | |
| 650 | 7 | |b ERRADICACION DE LA POBREZA-AMERICA LATINA Y EL CARRIBE | |
| 650 | 7 | |c ASISTENCIA INTERNACIONAL | |
| 650 | 7 | |d DESARROLLO HUMANO | |
| 650 | 7 | |e SOSTENIBILIDAD DEL MEDIO AMBIENTE I. Tít. | |
| 942 | |c BK |2 ddc | ||
| 991 | |a TEXTO | ||
| 999 | |c 10414 | ||